| 000 | 01221nam a2200325Ia 4500 | ||
|---|---|---|---|
| 001 | ebr10066557 | ||
| 003 | CaPaEBR | ||
| 006 | m u | ||
| 007 | cr cn||||||||| | ||
| 008 | 040226s2004 maua s 001 0deng d | ||
| 020 | _z9780080532318 | ||
| 020 | _z1931836310 | ||
| 040 |
_aCaPaEBR _cCaPaEBR |
||
| 035 | _a(OCoLC)559715528 | ||
| 050 | 1 | 4 |
_aQA76.76.C672 _bG73 2004eb |
| 082 | 0 | 4 |
_a006.7 _222 |
| 100 | 1 | _aGrand, Joe. | |
| 245 | 1 | 0 |
_aGame console hacking _h[electronic resource] : _bhave fun while voiding your warranty / _cJoe Grand, Frank Thornton, Albert Yarusso. |
| 260 |
_aRockland, MA : _bSyngress Publishing, _cc2004. |
||
| 300 |
_axxxi, 558 p. : _bill. |
||
| 500 | _aIncludes index. | ||
| 533 |
_aElectronic reproduction. _bPalo Alto, Calif. : _cebrary, _d2009. _nAvailable via World Wide Web. _nAccess may be limited to ebrary affiliated libraries. |
||
| 650 | 0 |
_aComputer games _xProgramming. |
|
| 650 | 0 | _aComputer hackers. | |
| 655 | 7 |
_aElectronic books. _2local |
|
| 700 | 1 | _aThornton, Frank. | |
| 700 | 1 | _aYarusso, Albert. | |
| 710 | 2 | _aebrary, Inc. | |
| 856 | 4 | 0 |
_uhttp://site.ebrary.com/lib/rucke/Doc?id=10066557 _zAn electronic book accessible through the World Wide Web; click to view |
| 999 |
_c48649 _d48649 |
||